[Event "ROM-chT2"]
[Site "Sovata"]
[Date "1997.??.??"]
[Round "4"]
[White "Ionita, Serban"]
[Black "Oltean, Dorel"]
[Result "0-1"]
[WhiteElo "2085"]
[BlackElo "2390"]
[PlyCount "78"]
[EventDate "1997.10.??"]
[EventType "team-tourn"]
[EventRounds "7"]
[EventCountry "ROU"]
[SourceTitle "EXT 2000"]
[Source "ChessBase"]
[SourceDate "1999.11.16"]
[SourceVersion "1"]
[SourceVersionDate "1999.11.16"]
[SourceQuality "1"]

1. d4 d6 2. c4 e5 3. Nf3 e4 4. Ng5 f5 5. Nh3 Nf6 6. e3 Be6 7. Nc3 c6 8. Be2 Na6 9. Rb1 Nc7 10. Nf4 Bf7 11. h4 d5 12. c5 b6 13. b4 b5 14. a4 a6 15. Qb3 g6 16. Bd2 h6 17. Kd1 Be7 18. g3 Kd7 19. Kc2 g5 20. Ng2 Bh5 21. Bxh5 Nxh5 22. a5 Nf6 23. Ne2 Qg8 24. Rbe1 Rf8 25. Qb1 Ne6 26. hxg5 hxg5 27. Rxh8 Qxh8 28. Rh1 Qg7 29. Qg1 Rh8 30. Be1 Rh7 31. Nc1 Qh8 32. Rxh7 Qxh7 33. Nb3 Bd8 34. Nd2 Bc7 35. Nf1 f4 36. Bd2 f3 37. Ne1 Ng4 38. Kd1 Qh3 39. Bc3 Qh1 0-1